| 000 | 00714nam a2200265 a 4500 | ||
|---|---|---|---|
| 001 | 3268007 | ||
| 003 | OSt | ||
| 005 | 20230605113348.0 | ||
| 008 | 811231s1981 enk 000 0 eng | ||
| 010 | _a 81162486 | ||
| 015 | _aGB*** | ||
| 020 | _a0582643708 (pbk.) | ||
| 020 | _a0582643740 | ||
| 040 |
_aDLC _cDLC _dDLC |
||
| 050 | 0 | 0 |
_a330.01 _bAKE |
| 082 | 0 | 0 |
_a330.96 _219 |
| 100 | 1 | _aAke, Claude. | |
| 245 | 1 | 2 |
_aA political economy of Africa / _cClaude Ake. |
| 260 |
_aHarlow, Essex : _bLongman, _c1981. |
||
| 300 |
_aviii, 196 p. ; _c23 cm. |
||
| 651 | 0 |
_aAfrica _xEconomic conditions. |
|
| 651 | 0 |
_aAfrica _xColonial influence. |
|
| 906 |
_a7 _bcbc _corignew _d3 _encip _f19 _gy-gencatlg |
||
| 942 |
_2ddc _cBK |
||
| 999 |
_c323 _d323 |
||